LEADER 01609nam 2200373Ia 450 001 996388404103316 005 20221108042946.0 035 $a(CKB)1000000000636850 035 $a(EEBO)2240932701 035 $a(OCoLC)9920463100971 035 $a(EXLCZ)991000000000636850 100 $a19950918d1611 uy | 101 0 $aeng 135 $aurbn||||a|bb| 200 10$aBy the King$b[electronic resource] $ewhereas we are dayly informed by the officers of our mint and otherwise, that aswell diuers of our naturall borne subiects, both goldsmiths, merchants, and men of other trades ... doe presume to weigh all sorts of moneys .. 210 $aImprinted at London $cBy Robert Barker, Printer to the Kings most Excellent Maiestie$dAnno 1611 215 $a1 sheet ([1] p.) 300 $aOther title information from first 5 lines of text. 300 $aAgainst melting down or exporting coin. 300 $a"Giuen at Our Mannour of Greenwich the eighteenth day of May, in the ninth yeere of Our Raigne of Great Britaine, France and Ireland." 300 $aReproduction of original in: Society of Antiquaries. 330 $aeebo-0147 606 $aCoinage$xLaw and legislation$zEngland$vEarly works to 1800 607 $aGreat Britain$xHistory$yJames I, 1603-1625 608 $aBroadsides$zLondon (England)$y17th century.$2rbgenr 615 0$aCoinage$xLaw and legislation 701 $aJames$cKing of England,$f1566-1625.$01001019 801 0$bEBK 801 1$bEBK 801 2$bWaOLN 906 $aBOOK 912 $a996388404103316 996 $aBy the King$92299281 997 $aUNISA LEADER 04782oam 2200685I 450 001 996202226703316 005 20230607220551.0 010 $a1-134-85347-5 010 $a1-134-85348-3 010 $a1-280-10996-3 010 $a9786610109968 010 $a0-203-42480-8 035 $a(CKB)1000000000252862 035 $a(EBL)179463 035 $a(OCoLC)437082093 035 $a(SSID)ssj0000306776 035 $a(PQKBManifestationID)11274911 035 $a(PQKBTitleCode)TC0000306776 035 $a(PQKBWorkID)10306869 035 $a(PQKB)11678191 035 $a(MiAaPQ)EBC179463 035 $a(OCoLC)889813938 035 $a(FlBoTFG)9780203424803 035 $a(EXLCZ)991000000000252862 100 $a20181122h20021995 uy 0 101 0 $aeng 135 $aur||| ||||| 181 $ctxt 182 $cc 183 $acr 200 10$aPresocratic Reflexivity: The Construction of Philosophical Discourse c. 600-450 B.C. $eLogological Investigations: Volume Three /$fby Barry Sandywell 205 $aFirst edition. 210 1$aBoca Raton, FL :$cRoutledge,$d[2002]. 210 4$dİ1995. 215 $a1 online resource (536 p.) 225 1 $aLogological investigations ;$v3 300 $aDescription based upon print version of record. 311 $a1-138-87996-7 311 $a0-415-10170-0 320 $aIncludes bibliographical references and indexes. 327 $aBook Cover; Title; Contents; Abbreviations; INTRODUCTION: TOWARD A SOCIOLOGY OF PHILOSOPHICAL CULTURE; PRESOCRATIC THOUGHT AND THE ORIGINS OF WESTERN EUROPEAN REFLECTION; The construction of the cosmos in Early Greek philosophy; Language and 'the epoch of the Logos'; The Ionian revolution in cosmological thinking; Greek cosmology as a form of life; THALES AND THE ORIGINS OF IONIAN COSMOLOGY; The golden triangle of Ionia and the Odyssean spirit; The discovery of reflexivity; Self, self-knowledge, and reflexivity; The sociological origins of philosophy and cultures of critical discourse 327 $aA comparative analysis of ancient institutions of reflexivityConclusion: the concept of a philosophical movement; ANAXIMANDER'S COSMOS; The text of Anaximander: the Apeiron-Fragment; Anaximander's discourse; Anaximander's cosmos; The cosmic vortex; After Anaximander; ANAXIMENES' PNEUMATOLOGY; Anaximenes' cosmos: Anaximenes as a natural philosopher?; Natural philosophy as critical theory; The self-deconstruction of Anaximenes' text; A reflexive pneumatology?; THE PYTHAGOREAN FORM OF LIFE; The ontotheology of Number: all is Number; Pythagorean videology; The Pythagorean soul and metempsychosis 327 $aPhilosophia and the three livesThe videological form of life; Conclusion: The elements of Classical videological culture; HERACLITUS, LOGOLOGIST: THE REFLEXIVE COSMOS OF HERACLITUS; Critical reflexivity: thinking as polemos; Peri Phusis; Logological configurations; The Logos teaching; Interpretations of the Logos-concept in Heraclitus; Language-play in Heraclitus' text; The reflexive psyche in Heraclitus; Logos and Kosmos; Process philosophy; ELEATIC ONTOLOGY FROM XENOPHANES TO PARMENIDES AND BEYOND; Xenophanes and the unity of God; Xenophanes' critical reflexivity 327 $aXenophanes' natural theologyFrom Xenophanes to Parmenides; Parmenides and the unity of Being; Introduction; The logological presuppositions of Parmenidean ontology; Parmenides' reflexive Logos; Melissus' revision; Against plurality; Introduction; Conclusion: the genealogy of logic; PLURALISTS: EMPEDOCLES, ANAXAGORAS, AND THE BEGINNINGS OF GREEK ATOMISM; Empedocles; The limitations of human experience; The fourfold roots of Being; Eternal cyclical change: the One from the Many, the Many from the One; The soul and God; Anaxagoras; Anaxagoras' general philosophical outlook 327 $aNous as the World-MindThe Atomists: Leucippus and Democritus; Democritus; The Democritean vision of the atomic universe; Conclusion: ancient and modern Atomism; Notes; Bibliography; Name index; Subject index 330 3 $aIn this third Volume of Logological Investigations Sandywell continues his sociological reconstruction of the origins of reflexive thought and discourse with special reference to pre-Socratic philosophy and science and their socio-political context. 606 $aSociology$xPhilosophy 606 $aReflection (Philosophy) 615 0$aSociology$xPhilosophy. 615 0$aReflection (Philosophy) 676 $a182 676 $a301.01 676 $a301/.01 700 $aSandywell$b Barry$0863213 801 0$bFlBoTFG 801 1$bFlBoTFG 906 $aBOOK 912 $a996202226703316 996 $aPresocratic Reflexivity: The Construction of Philosophical Discourse c. 600-450 B.C$91926926 997 $aUNISA